LIBRARY & INFORMATION CENTRE, KCAET, TAVANUR

ONLINE PUBLIC ACCESS CATALOGUE (OPAC)

Trigonometry / (Record no. 2995)

MARC details
000 -LEADER
fixed length control field 00460cam a2200193ua 4500
041 ## - LANGUAGE CODE
Language code of text/sound track or separate title eng
082 ## - DEWEY DECIMAL CLASSIFICATION NUMBER
Classification number 516.24
Item number KRI/TR
100 ## - MAIN ENTRY--AUTHOR NAME
Personal name Krishnamurthy, V.
245 ## - TITLE STATEMENT
Title Trigonometry /
250 ## - EDITION STATEMENT
Edition statement 3 /
260 ## - PUBLICATION, DISTRIBUTION, ETC. (IMPRINT)
Place of publication Chennai :
Name of publisher The National Publishing Co ,
Year of publication 1965.
300 ## - PHYSICAL DESCRIPTION
Number of Pages 253 ; .
942 ## - ADDED ENTRY ELEMENTS (KOHA)
Koha item type Books
Holdings
Withdrawn status Lost status Damaged status Home library Current library Date acquired Full call number Accession Number Koha item type Cost, normal purchase price
Withdrawn     KAUAET KAUAET 07/04/2012 516.24 7765 Books 4.50
Withdrawn     KAUAET KAUAET 21/01/2021 516.24 KRI/TR 3132 Books  
Withdrawn     KAUAET Sanskrit University 07/04/2012 516.24 11442 Books  
free website counter